<?xml version="1.0" encoding="UTF-8"?><?xml-stylesheet type="text/xsl" href="static/style.xsl"?><OAI-PMH xmlns="http://www.openarchives.org/OAI/2.0/" xmlns:xsi="http://www.w3.org/2001/XMLSchema-instance" xsi:schemaLocation="http://www.openarchives.org/OAI/2.0/ http://www.openarchives.org/OAI/2.0/OAI-PMH.xsd"><responseDate>2026-04-17T01:29:53Z</responseDate><request verb="GetRecord" identifier="oai:www.recercat.cat:2117/445301" metadataPrefix="marc">https://recercat.cat/oai/request</request><GetRecord><record><header><identifier>oai:recercat.cat:2117/445301</identifier><datestamp>2025-11-08T11:01:36Z</datestamp><setSpec>com_2072_1033</setSpec><setSpec>col_2072_452951</setSpec></header><metadata><record xmlns="http://www.loc.gov/MARC21/slim" xmlns:dcterms="http://purl.org/dc/terms/" xmlns:xsi="http://www.w3.org/2001/XMLSchema-instance" xmlns:doc="http://www.lyncode.com/xoai" xsi:schemaLocation="http://www.loc.gov/MARC21/slim http://www.loc.gov/standards/marcxml/schema/MARC21slim.xsd">
   <leader>00925njm 22002777a 4500</leader>
   <datafield ind2=" " ind1=" " tag="042">
      <subfield code="a">dc</subfield>
   </datafield>
   <datafield ind2=" " ind1=" " tag="720">
      <subfield code="a">Chavez Anyosa, Angela</subfield>
      <subfield code="e">author</subfield>
   </datafield>
   <datafield ind2=" " ind1=" " tag="260">
      <subfield code="c">2025-05-15</subfield>
   </datafield>
   <datafield ind2=" " ind1=" " tag="520">
      <subfield code="a">La industria de la construcción, pilar fundamental de la economía global, enfrenta desafíos críticos de sostenibilidad alineados con los Objetivos de la Agenda 2030. Este sector es responsable del 14% del consumo de agua, 40% del uso energético mundial y del 30-40% de las emisiones globales de carbono, además de generar grandes volúmenes de residuos, lo que evidencia su impacto ambiental negativo. Ante este escenario, la construcción prefabricada surge como una alternativa prometedora para reducir dichos impactos en comparación con los métodos tradicionales. Este Trabajo de Fin de Máster (TFM) analiza y compara los impactos ambientales de un sistema constructivo tradicional y uno prefabricado, centrándose en la estructura de pilares de hormigón. Mediante un Análisis de Ciclo de Vida (ACV) en las etapas de producción y construcción (A1–A5), utilizando el software Athena Impact Estimator, se caracterizaron ambos sistemas. Los resultados destacan que el sistema prefabricado reduce residuos, consume menos energía y ofrece mayor control de calidad en la fase de producción. No obstante, el sistema tradicional presenta ventajas en categorías específicas durante la construcción, como el transporte y el uso de maquinaria. El ACV reveló que el sistema prefabricado genera menores impactos en la mayoría de las categorías evaluadas, aunque con excepciones en la formación de ozono fotoquímico y el agotamiento de la capa de ozono, donde el método tradicional resultó más favorable. Además, se subraya que la sostenibilidad de cada sistema depende críticamente del contexto geográfico, logístico y técnico del proyecto. Como conclusión, este trabajo demuestra que la construcción prefabricada puede ser una herramienta eficaz para avanzar hacia la sostenibilidad en el sector, siempre que se integre el ACV como complemento al análisis económico en la toma de decisiones. La adopción de este enfoque no solo mitigaría impactos ambientales, sino que contribuiría al cumplimiento de metas globales de desarrollo sostenible.</subfield>
   </datafield>
   <datafield ind2=" " ind1=" " tag="520">
      <subfield code="a">Objectius de Desenvolupament Sostenible::3 - Salut i Benestar::3.9 - Per a 2030, reduir substancialment el nombre de morts i malalties causats per productes químics perillosos i la pol·lució de l’aire, l’aigua i el sòl</subfield>
   </datafield>
   <datafield ind2=" " ind1=" " tag="520">
      <subfield code="a">Objectius de Desenvolupament Sostenible::8 - Treball Decent i Creixement Econòmic::8.8 - Protegir els drets laborals i promoure un entorn de treball segur i protegit per a totes les persones treballadores, incloses les migrants, en particular les dones migrants i les persones amb ocupacions precàries</subfield>
   </datafield>
   <datafield ind2=" " ind1=" " tag="520">
      <subfield code="a">Objectius de Desenvolupament Sostenible::9 - Indústria, Innovació i Infraestructura::9.4 - Per a 2030, modernitzar les infraestructures i reconvertir les indústries perquè siguin sostenibles, usant els recursos amb més eficàcia i promovent l’adopció de tecnologies i processos industrials nets i racionals ambientalment, i aconseguint que tots els països adoptin mesures d’acord amb les capacitats respectives</subfield>
   </datafield>
   <datafield ind2=" " ind1=" " tag="520">
      <subfield code="a">Objectius de Desenvolupament Sostenible::11 - Ciutats i Comunitats Sostenibles::11.6 - Per a 2030, reduir l’impacte ambiental negatiu per capita de les ciutats, amb especial atenció a la qualitat de l’aire, així com a la gestió dels residus municipals i d’altre tipus</subfield>
   </datafield>
   <datafield ind2=" " ind1=" " tag="520">
      <subfield code="a">Objectius de Desenvolupament Sostenible::12 - Producció i Consum Responsables::12.2 - Per a 2030, assolir la gestió sostenible i l’ús eficient dels recursos naturals</subfield>
   </datafield>
   <datafield ind2=" " ind1=" " tag="520">
      <subfield code="a">Objectius de Desenvolupament Sostenible::12 - Producció i Consum Responsables::12.5 - Per a 2030, disminuir de manera substancial la generació de residus mitjançant polítiques de prevenció, reducció, reciclatge i reutilització</subfield>
   </datafield>
   <datafield ind2=" " ind1=" " tag="520">
      <subfield code="a">Objectius de Desenvolupament Sostenible::13 - Acció per al Clima::13.2 - Incorporar mesures relatives al canvi climàtic en les polítiques, les estratègies i els plans nacionals</subfield>
   </datafield>
   <datafield ind2=" " ind1=" " tag="520">
      <subfield code="a">Objectius de Desenvolupament Sostenible::14 - Vida Submarina::14.1 - Per al 2025, prevenir i reduir de manera significativa la contaminació marina de tota mena, en particular la contaminació produïda per activitats realitzades en terra ferma, inclosos els detritus marins i la contaminació per nutrients</subfield>
   </datafield>
   <datafield ind2=" " ind1=" " tag="520">
      <subfield code="a">Objectius de Desenvolupament Sostenible::15 - Vida d'Ecosistemes Terrestres::15.1 - Per a 2020, vetllar per la conservació, el restabliment i l’ús sostenible dels ecosistemes terrestres i els ecosistemes interiors d’aigua dolça i els serveis que proporcionen, en particular els boscos, els aiguamolls, les muntanyes i les zones àrides, d’acord amb les obligacions marcades pels acords internacionals</subfield>
   </datafield>
   <datafield ind1="8" ind2=" " tag="024">
      <subfield code="a">http://hdl.handle.net/2117/445301</subfield>
   </datafield>
   <datafield tag="653" ind2=" " ind1=" ">
      <subfield code="a">Àrees temàtiques de la UPC::Edificació::Construcció sostenible</subfield>
   </datafield>
   <datafield tag="653" ind2=" " ind1=" ">
      <subfield code="a">Construction industry--Waste disposal</subfield>
   </datafield>
   <datafield tag="653" ind2=" " ind1=" ">
      <subfield code="a">Building materials--Environmental aspect</subfield>
   </datafield>
   <datafield tag="653" ind2=" " ind1=" ">
      <subfield code="a">Environmental impact analysis</subfield>
   </datafield>
   <datafield tag="653" ind2=" " ind1=" ">
      <subfield code="a">Recycling (Waste, etc.)</subfield>
   </datafield>
   <datafield tag="653" ind2=" " ind1=" ">
      <subfield code="a">Construcción prefabricada</subfield>
   </datafield>
   <datafield tag="653" ind2=" " ind1=" ">
      <subfield code="a">construcción tradicional</subfield>
   </datafield>
   <datafield tag="653" ind2=" " ind1=" ">
      <subfield code="a">análisis etapa de producción de ciclo de vida (ACV)</subfield>
   </datafield>
   <datafield tag="653" ind2=" " ind1=" ">
      <subfield code="a">sostenibilidad</subfield>
   </datafield>
   <datafield tag="653" ind2=" " ind1=" ">
      <subfield code="a">impacto ambiental</subfield>
   </datafield>
   <datafield tag="653" ind2=" " ind1=" ">
      <subfield code="a">pilares de hormigón</subfield>
   </datafield>
   <datafield tag="653" ind2=" " ind1=" ">
      <subfield code="a">etapa de producción</subfield>
   </datafield>
   <datafield tag="653" ind2=" " ind1=" ">
      <subfield code="a">etapa de construcción</subfield>
   </datafield>
   <datafield tag="653" ind2=" " ind1=" ">
      <subfield code="a">Indústria de la construcció--Residus</subfield>
   </datafield>
   <datafield tag="653" ind2=" " ind1=" ">
      <subfield code="a">Materials de construcció--Aspectes ambientals</subfield>
   </datafield>
   <datafield tag="653" ind2=" " ind1=" ">
      <subfield code="a">Medi ambient--Anàlisi d'impacte</subfield>
   </datafield>
   <datafield tag="653" ind2=" " ind1=" ">
      <subfield code="a">Reciclatge (Residus, etc.)</subfield>
   </datafield>
   <datafield ind2="0" ind1="0" tag="245">
      <subfield code="a">ACV en elementos estructurales prefabricados y tradicionales. Implicación comparativa para la descarbonización del sector de la construción</subfield>
   </datafield>
</record></metadata></record></GetRecord></OAI-PMH>